00262nam a2200097Ia 4500008004100000041000800041100001400049245005100063260003500114650001500149240109s9999 xx 000 0 und d aeng aF.L..Lobo aStrategies & Techniques For Successful Selling bGlobal Business Press Delhi95  aManagement